Statistics for Boston Celtics: Most Dunks Each Year

Click here to take the quiz!

General Stats

  • This quiz has been taken 305 times
    (114 since last reset)
  • The average score is 12 of 22

Answer Stats

YearPlayerDunks% Correct
2022-2023Jayson Tatum91
99%
2018-2019Jayson Tatum68
99%
2007-2008Kevin Garnett84
97%
2008-2009Kevin Garnett70
97%
2010-2011Kevin Garnett59
97%
2021-2022Robert Williams157
95%
2020-2021Robert Williams93
95%
2005-2006Paul Pierce49
90%
2017-2018Jaylen Brown54
88%
2016-2017Al Horford / Amir Johnson41
87%
2009-2010Kendrick Perkins60
60%
2015-2016Amir Johnson56
39%
2019-2020Daniel Theis81
24%
2004-2005Ricky Davis58
23%
2012-2013Brandon Bass56
14%
2014-2015Brandon Bass94
14%
2013-2014Brandon Bass75
14%
2011-2012Brandon Bass52
14%
2006-2007Al Jefferson65
11%
2002-2003Tony Battie67
9%
2001-2002Tony Battie76
9%
2003-2004Mark Blount67
8%

Score Distribution

Percentile by Number Answered

Percent of People with Each Score

Your Score History

You have not taken this quiz since the last reset